000 00869nam a2200157Ia 4500
008 090711s9999 xx 000 0 und d
082 _b5075
100 _aश्रीवास्तव गोपीनाथ
245 _aअंग्रेजी - हिंदी राजभाषा गोपीनाथ श्रीवास्तव प्रयोग कोश
260 _c1991
600 _aश्रीवास्तव गोपीनाथ
630 _aअंग्रेजी - हिंदी राजभाषा गोपीनाथ श्रीवास्तव प्रयोग कोश
700 _aश्रीवास्तव गोपीनाथ
730 _aअंग्रेजी - हिंदी राजभाषा गोपीनाथ श्रीवास्तव प्रयोग कोश
942 _cBOOK
999 _c335133
_d335133